000 00296nam a22001337a 4500
082 _a894.812.3
_bKAV/K
100 _aKAVILPAD, ABCV
245 _aKUTTIKALKULLA MAHABHARATHA KATHAKAL
250 _aFIFTH
260 _aTHRISSUR
_bH&C
_c2013
300 _a112
650 _aSTORY
_zKERALA
942 _cBK
999 _c1637
_d1637